000 00492nam a2200169 4500
001 144437
003 ES-MaACL
005 20231218150757.0
007 t|
008 070214s1963 sp r ||||1| spa d
100 1 _aSiles Artés, José,
_d1930-
_9106341
245 1 0 _aUmbrales
_b: (colección de cuentos) /
_cJosé Siles Artes.
260 _aMadrid :
_bEdiciones Agem,
_c1963.
300 _a127 p. ;
_c17 cm.
852 _aES-MaACL
_jC-24718
_bR.53075
999 _c144437
_d144437